000 00557nam a22002057a 4500
003 BD-DhSAU
005 20210912161416.0
008 210912b xxu||||| |||| 00| 0 eng d
020 _a9789352865475
040 _aBD-DhSAU
082 _222
_a658.05
_bL365
100 _aKenneth C. Laudon, Jane P. Laudon;
245 _aManagement Information System
_bManaging the Digital Firm
260 _aPearson
_bIndia
_c2018
300 _axxxiv, 659p.;
_c25cm.;
590 _aNazmul
610 _aManagement
650 _a Information System
942 _2ddc
_cBOOK
999 _c15112
_d15111